000 00813nam a2200217Ia 4500
003 GCL
008 140319s9999 xx 000 0 ara d
020 _a2062301977
040 _aGCL /
_cGCL
082 0 4 _a780.9
_bل م
100 1 _aلانج ، بول هنرى
245 1 0 _aالموسيقى فى الحضارة الغربية من عصر اليونانيين حتى عصر الرينسانس (النهضة) /
_cلانج ، بول هنرى
700 1 _aحسين فوزى (مراجع)
700 1 _aاحمد حمدى محمود
260 _aالقاهرة :
_bالهيئة المصرية العامة للكتاب ،
_c1985
300 _a403 ص ؛
_c24 سم
650 0 4 _aالموسيقى
650 0 4 _aالعصر الكلاسيكى
650 0 4 _aعصر النهضة (1300 - 1494)
942 _2ddc
_cBK
999 _c58518
_d58518